000 00966cam a22003257i 4500
650 0 _aTurkish fiction
_97165
999 _c200427922
_d45846
001 200427922
003 TR-AnTOB
005 20240925073655.0
007 ta
008 171117s2017 tu g 00| 1 tur d
020 _a9786051850665
040 _aTR-AnTOB
_beng
_erda
_cTR-AnTOB
_dTR-AnTOB
041 0 _atur
050 0 0 _aPL248.T73
_bK87 2017
090 _aPL248.T73
_bK87 2017
100 1 _aToptaş, Hasan Ali,
_d1958-
_eauthor
_9104989
245 1 0 _aKuşlar yasına gider /
_cHasan Ali Topbaş.
250 _a3637. basım
_bEkim 2017
264 1 _aİstanbul :
_bEverest Yayınları,
_c2017.
264 4 _c©2016
300 _a248 pages ;
_c20 cm
336 _atext
_2rdacontent
337 _aunmediated
_2rdamedia
338 _avolume
_2rdacarrier
490 0 _aEverest Yayınları ;
_v1584
_aTürkçe edebiyat ;
_v605
650 7 _aTürk romanı
_2etuturkob
_99421
942 _2lcc
_cBK